000 01036nam0a22002651 4500
001 rc\3409993
005 20250609231831.0
035 _a(NLR Aleph) 007551250
090 _a5203728
_c5203728
100 _a20130115d1970 |||y0rusy50 ca
101 0 _arus
102 _aRU
105 _ay z |||||
200 1 _aОтчет о командировке во Францию
_fАН СССР. Всесоюз. ин-т науч. и техн. информации
210 _aМосква
_cБ. и.
_d1970
215 _a56 с.
_d29
300 _aПеред загл. авт.: О.С. Рыжов; на 3-й с. - д-р физ.-мат. наук, проф. О.С. Рыжов
309 _aОтпеч. множит. аппаратом
333 _aДля служебного пользования. Экз. № 5
700 1 _7ca
_8rus
_aРыжов
_bО. С.
_f1932-
_gОлег Сергеевич
_9173484
_3RU\NLR\AUTH\770173535
801 0 _aRU
_bNLR
_gpsbo
801 1 _aRU
_bELAR
_2rusmarc
852 _aNLR
_j50К/23703
942 _cBOOK
980 _aNB